[Event "Magistral Szmetan Giardelli 2019"]
[Site "Buenos Aires"]
[Date "2019.12.08"]
[Round "8.1"]
[White "Slipak, Sergio"]
[Black "Santiago, Yago De Moura"]
[Result "1-0"]
[WhiteElo "2384"]
[BlackElo "2479"]
[Annotator "ChessBase"]
[PlyCount "87"]
[EventDate "2019.12.01"]
[EventType "tourn"]
[EventCountry "ARG"]
[SourceTitle "playchess.com"]
[Source "ChessBase"]
[SourceQuality "1"]
[TimeControl "40/5400+30:1800+30"]

1. c4 {[%emt 0:00:00]} e5 {[%emt 0:00:00]} 2. Nc3 {[%emt 0:00:30]} Nc6 {[%emt 0:00:30]} 3. g3 {[%emt 0:00:30]} h5 {[%emt 0:04:53]} 4. Nf3 {[%emt 0:05:11]} Bc5 {[%emt 0:00:30]} 5. e3 {[%emt 0:06:00]} d6 {[%emt 0:00:30]} 6. d4 {[%emt 0:00:30]} Bb4 {[%emt 0:10:50]} 7. Bg2 {[%emt 0:06:00]} Bg4 {[%emt 0:02:51]} 8. h3 {[%emt 0:00:30]} Bd7 {[%emt 0:00:30]} 9. Bd2 {[%emt 0:05:30]} Nf6 {[%emt 0:06:40]} 10. a3 {[%emt 0:04:50]} Bxc3 {[%emt 0:00:30]} 11. Bxc3 {[%emt 0:00:30]} Qe7 {[%emt 0:00:30]} 12. d5 {[%emt 0:00:30]} Nd8 {[%emt 0:00:30]} 13. Nxe5 {[%emt 0:08:06]} Bf5 {[%emt 0:07:13]} 14. Nf3 {[%emt 0:07:10]} Be4 {[%emt 0:00:30]} 15. O-O {[%emt 0:00:30]} c6 {[%emt 0:04:50]} 16. Bxf6 {[%emt 0:00:30]} Qxf6 {[%emt 0:00:30]} 17. Qd4 {[%emt 0:00:30]} Qxd4 {[%emt 0:03:50]} 18. Nxd4 {[%emt 0:00:30]} Bxg2 {[%emt 0:00:30]} 19. Kxg2 {[%emt 0:00:30]} g6 {[%emt 0:00:30]} 20. b4 {[%emt 0:07:40]} Kd7 {[%emt 0:01:00]} 21. Rfd1 {[%emt 0:00:30]} Rc8 {[%emt 0:00:30]} 22. Rac1 {[%emt 0:04:10]} c5 {[%emt 0:00:30]} 23. bxc5 {[%emt 0:00:30]} dxc5 {[%emt 0:00:30]} 24. Nb5 {[%emt 0:03:50]} Ra8 {[%emt 0:02:00]} 25. e4 {[%emt 0:00:30]} f6 {[%emt 0:00:30]} 26. f4 {[%emt 0:05:50]} Nf7 {[%emt 0:00:30]} 27. Re1 {[%emt 0:00:30]} a6 {[%emt 0:01:50]} 28. Nc3 {[%emt 0:00:30]} Kc7 {[%emt 0:12:27]} 29. e5 {[%emt 0:00:30]} fxe5 {[%emt 0:00:30]} 30. fxe5 {[%emt 0:04:04]} Rhe8 {[%emt 0:00:30]} 31. e6 {[%emt 0:07:50]} Nd6 {[%emt 0:00:30]} 32. Ne2 {[%emt 0:04:30]} g5 {[%emt 0:08:20]} 33. Ng1 {[%emt 0:00:30]} b5 {[%emt 0:02:50]} 34. cxb5 {[%emt 0:00:30]} Kb6 {[%emt 0:00:30]} 35. bxa6 {[%emt 0:00:30]} c4 {[%emt 0:00:30]} 36. Nf3 {[%emt 0:06:20]} Kc5 {[%emt 0:00:30]} 37. Nxg5 {[%emt 0:03:20]} Rxa6 {[%emt 0:10:30]} 38. Ne4+ {[%emt 0:00:30]} Nxe4 {[%emt 0:00:30]} 39. Rxe4 {[%emt 0:00:30]} Rxa3 {[%emt 0:03:30]} 40. Rcxc4+ {[%emt 0:00:30]} Kxd5 {[%emt 0:01:30]} 41. Rcd4+ {[%emt 0:30:30]} Kc5 {[%emt 0:30:30]} 42. Rd2 {[%emt 0:00:30]} Rg8 {[%emt 0:03:50]} 43. e7 {[%emt 0:00:30]} Rgxg3+ {[%emt 0:00:30]} 44. Kf2 {[%emt 0:03:20]} 1-0

[Event "Magistral Szmetan Giardelli 2019"]
[Site "Buenos Aires"]
[Date "2019.12.08"]
[Round "8.2"]
[White "Mareco, Sandro"]
[Black "Ricardi, Pablo"]
[Result "1/2-1/2"]
[WhiteElo "2637"]
[BlackElo "2493"]
[Annotator "TA"]
[PlyCount "109"]
[EventDate "2019.12.01"]
[EventType "tourn"]
[EventCountry "ARG"]
[SourceTitle "playchess.com"]
[Source "ChessBase"]
[SourceQuality "1"]

{[%evp 19,109,27,25,27,37,20,16,6,6,0,0,0,0,-22,-12,-30,-23,-30,-27,-44,-35,-59,-58,-52,-58,-59,-57,-45,-16,-138,-140,-65,-56,-164,-169,-96,0,0,0,0,0,0,0,-119,-128,-124,-128,-166,-158,-218,-191,-194,-8,-8,-10,-139,-149,-117,-8,-1,-9,-16,0,-357,-342,-1008,-958,-905,-888,-1770,-1716,-1577,-1368,-2005,-1991,-1628,-1667,-1208,-486,-459,0,-1656,0,0,0,0,0,0,0,0,0,0]} 1. Nf3 Nf6 2. c4 e6 3. g3 d5 4. Bg2 Be7 5. O-O O-O 6. d4 c6 7. b3 b6 8. Bb2 Bb7 9. Nc3 Nbd7 10. Rc1 Rc8 11. e3 {E07: Closed Catalan: Main Line (5 Nf3 0-0 6 0-0 Nbd7)} (11. Re1 Re8 12. Nd2 c5 13. e3 cxd4 14. exd4 Nf8 15. Qe2 Qd7 16. Nf3 dxc4 17. bxc4 Qc7 18. Nb5 Qb8 19. Ne5 Bxg2 20. Kxg2 a6 21. Nc3 Ng6 22. Nf3 Qa8 23. Ne4 {½-½ (23) Lysyj,I (2643)-Smirnov,P (2595) Khanty-Mansiysk 2016}) 11... c5 12. Ne5 cxd4 13. exd4 Ne4 $146 ({Predecessor:} 13... Bb4 14. Nb5 a6 {1-0 (80) Laurusas,T (2429)-Bilguun,S (2343) Khanty-Mansiysk 2015}) 14. Nxe4 dxe4 15. Qe2 f5 16. Nd3 {White wants to play Nf4.} Bg5 17. Rcd1 Qe8 18. Ne1 b5 19. cxb5 Nb6 20. h4 Bh6 {[%mdl 1024] Black has compensation.} 21. Nc2 Nd5 22. Na3 Rf7 23. Qe1 g5 24. Nc4 (24. hxg5 $1 $11 {was the only way to keep the balance.} Bxg5 25. Nc4) 24... gxh4 $17 {Threatens to win with ...Rg7.} 25. Nd6 Qf8 26. Nxf7 (26. Nxc8 $15 Bxc8 27. Bc1 (27. gxh4 $2 Rg7 $19)) 26... Qxf7 $19 27. Bc1 (27. gxh4 $2 Nf4 $19) 27... Rxc1 ({Black should play} 27... h3 $17 28. Bxh3 Qh5 29. Bxh6 Qxh3) 28. Rxc1 $11 hxg3 29. fxg3 Be3+ {[%mdl 64] Double Attack} 30. Kh2 $1 Bxd4 31. Qe2 (31. Rc4 $11 {remains equal.} Qh5+ 32. Bh3) 31... Qg6 $17 32. Bh3 Be5 33. Rg1 Qh6 34. Rcf1 (34. Rc5 $17) 34... Nf6 35. Rf4 Bxf4 $2 (35... Kf7 $19 36. Rgf1 Ke7) 36. gxf4+ $11 Kf7 37. Qg2 (37. Qd2 $1 $11) 37... Qxf4+ $17 ({Don't take} 37... Ng4+ 38. Kg3 $17) 38. Qg3 {[#]} Nh5 ({Black should try} 38... Qxg3+ $1 $17 39. Kxg3 Nh5+ 40. Kh4 Nf4) 39. Qxf4 $11 Nxf4 {[%mdl 4096] Endgame KRB-KBN} 40. Rc1 $1 {[%cal Rc1c7] Rc7+ is the strong threat.} Kf6 41. Rc7 $2 {[%mdl 8192]} (41. Bf1 $1 $11 {and White stays safe.} Nd5 42. Rc4) 41... Nxh3 $19 42. Kxh3 $2 {KR-KB} (42. Rxb7 e3 43. Rc7 (43. b6 $2 axb6 44. Rc7 e2 $19)) 42... e3 43. Kg3 Bd5 44. Kf4 e2 45. Rc1 h5 46. Re1 e5+ 47. Ke3 h4 48. Rxe2 h3 (48... f4+ $142 49. Kf2 e4) 49. Rh2 Bg2 $2 (49... f4+ $19 50. Kf2 Bg2) 50. Kf2 $2 {[%mdl 8192] [#]} (50. a4 $11) 50... e4 $2 (50... Ke6 $1 $19 51. Kg1 Kd5) 51. Rxg2 $11 {The position is equal.} hxg2 52. a4 $1 {[%cal Ba2a4,Ba4a5][%mdl 32] And now a5 would win.} Ke5 53. a5 $1 Kd5 54. b4 $1 {Black must now prevent a6.} Kd6 55. Kxg2 {Accuracy: White = 41%, Black = 62%.} 1/2-1/2

[Event "Magistral Szmetan Giardelli 2019"]
[Site "Buenos Aires"]
[Date "2019.12.08"]
[Round "8.3"]
[White "Granda Zuniga, Julio E"]
[Black "Perez Ponsa, Federico"]
[Result "1/2-1/2"]
[WhiteElo "2644"]
[BlackElo "2560"]
[Annotator "TA"]
[PlyCount "104"]
[EventDate "2019.12.01"]
[EventType "tourn"]
[EventCountry "ARG"]
[SourceTitle "playchess.com"]
[Source "ChessBase"]
[SourceQuality "1"]

{[%evp 15,104,0,0,0,0,0,20,25,28,-15,-4,-6,20,7,19,20,67,-18,21,0,0,9,6,-25,47,-34,-35,-42,-16,-21,-6,-30,-8,-30,-29,-43,18,4,18,-39,4,0,85,93,98,56,47,0,85,0,56,21,114,110,110,101,109,102,292,278,284,267,394,0,0,0,0,0,0,0,0,0,0,0,0,0,0,0,0,0,0,0,0,0,0,0,0,0,0,0,0]} 1. d4 Nf6 2. Nf3 d5 3. g3 c6 4. Bg2 Bf5 5. O-O h6 6. c4 e6 7. Qb3 Qb6 8. Nc3 Nbd7 9. Re1 {D11: Slav Defence: 3 Nf3 sidelines and 3...Nf6 4 e3 Bg4} Be7 10. c5 (10. Bf4 O-O 11. c5 Qxb3 12. axb3 g5 13. Bc1 Ne4 14. b4 Bf6 15. e3 a6 16. Nd2 Nxd2 17. Bxd2 {0-1 (69) Sargissian,G (2689)-Nepomniachtchi,I (2763) St Petersburg 2018}) 10... Qc7 11. Bf4 Qc8 12. Rac1 O-O 13. Nd2 $146 ({Predecessor:} 13. Ne5 Rd8 14. Nxd7 Nxd7 15. Qa4 b5 16. Qa5 Re8 17. e4 dxe4 18. Nxe4 Bxe4 19. Bxe4 {½-½ (80) Simonenko,S (2465)-Vysochin,S (2511) Goch 2000}) 13... Nh5 14. Be5 Nxe5 15. dxe5 Bxc5 16. Na4 (16. e4 $14 dxe4 17. Ncxe4) 16... Bd4 17. Nf3 Bb6 $1 18. Nxb6 axb6 19. Nd4 Bg6 (19... Qd8 $11) 20. Bh3 (20. Qxb6 $14 f6 21. Bh3) 20... Qd8 $15 21. e3 c5 22. Nb5 c4 23. Qb4 Rxa2 24. Ra1 Ra5 25. Nd4 Re8 (25... Be4 $15) 26. Rxa5 $11 bxa5 27. Qxb7 ({White should play} 27. Qb5 $1 $11) 27... Be4 (27... Qb8 $5 {[%cal Rb8b7]} 28. Qd7 Rf8 $11) 28. Nc6 Qg5 (28... Qa8 $11 {keeps the balance.} 29. Qd7 d4 30. Nxd4 Rb8) 29. Qd7 $16 {[%mdl 1024] White has strong compensation.} Kf8 30. Qd6+ Kg8 31. Qd7 $40 {[%mdl 128] White is up to no good.} Kf8 $1 32. Qd6+ Kg8 33. Nxa5 Kh7 (33... g6 $1 $11) 34. Nc6 f5 {Threatening ...f4.} 35. Qd7 Qg6 36. Nd4 f4 $2 (36... Kh8 $16 {might work better.}) 37. Nxe6 $18 ({But not} 37. Bxe6 $2 fxg3 38. hxg3 {[#]} Nxg3 $1 $19 {[%mdl 512]}) 37... fxg3 38. hxg3 Nxg3 (38... Ra8 $142 39. Kh2 Qe8) 39. Nf4 $2 (39. Kh2 $18 Rxe6 40. Qxe6) 39... Ne2+ $1 $11 {[%mdl 64] [#] Discovered Attack (Double check). The position is equal.} 40. Kh2 $1 Nxf4 41. exf4 Qb6 42. Kg3 Qg6+ 43. Bg4 {Black must now prevent Rxe4!} Rb8 {aiming for ...h5.} 44. f3 Rb3 {And now ...Rxf3+ would win.} 45. Kh4 Qb6 46. Re2 Rxf3 47. Bxf3 Bxf3 {KQR-KQB} 48. Qf5+ Kh8 49. Qf8+ Kh7 {Hoping for ...Qg6.} 50. Qf5+ Kh8 51. Qf8+ Kh7 {Strongly threatening ...Qg6.} 52. Qf5+ Kh8 {Accuracy: White = 46%, Black = 44%.} 1/2-1/2

[Event "Magistral Szmetan Giardelli 2019"]
[Site "Buenos Aires"]
[Date "2019.12.08"]
[Round "8.4"]
[White "Flores, Diego"]
[Black "Felgaer, Ruben"]
[Result "1/2-1/2"]
[WhiteElo "2608"]
[BlackElo "2560"]
[Annotator "RC"]
[PlyCount "106"]
[EventDate "2019.12.01"]
[EventType "tourn"]
[EventCountry "ARG"]
[SourceTitle "playchess.com"]
[Source "ChessBase"]
[SourceQuality "1"]
[TimeControl "40/5400+30:1800+30"]

1. c4 {[%emt 0:00:00]} c5 {[%emt 0:00:00]} 2. b3 {[%emt 0:11:11]} Nc6 {[%emt 0:00:30]} 3. Bb2 {[%emt 0:00:30]} e5 {[%emt 0:10:51]} 4. g3 {[%emt 0:00:30]} Nge7 {[%emt 0:08:50]} 5. Nf3 {[%emt 0:05:30]} d6 {[%emt 0:00:30]} 6. Bg2 {[%emt 0:06:40]} g6 {[%emt 0:00:30]} 7. O-O {[%emt 0:00:30]} Bg7 {[%emt 0:00:30]} 8. Nc3 {[%emt 0:00:30]} O-O {[%emt 0:00:30]} 9. d3 {[%emt 0:00:30]} Rb8 {[%emt 0:00:30]} 10. a3 {[%emt 0:04:50]} a6 {[%emt 0:04:10]} 11. Nd2 {[%emt 0:03:56]} b5 {[%emt 0:03:34]} 12. e3 {[%emt 0:00:30]} Bf5 {[%emt 0:10:50]} 13. Qc2 {[%emt 0:00:30]} Qd7 {[%emt 0:04:50]} 14. Nd5 {[%emt 0:00:30]} Nxd5 {[%emt 0:07:20]} 15. cxd5 {[%emt 0:00:30]} Ne7 {[%emt 0:00:30]} 16. f4 {[%emt 0:06:00]} Bh3 {[%emt 0:11:20]} 17. Bxh3 {[%emt 0:01:10]} Qxh3 {[%emt 0:00:30]} 18. e4 {[%emt 0:16:47]} exf4 {[%emt 0:00:30]} 19. Rxf4 {[%emt 0:04:03]} Qh6 {[%emt 0:00:30]} 20. Raf1 {[%emt 0:27:10]} f5 {[%emt 0:00:30]} 21. Kg2 {[%emt 0:02:40]} Bxb2 {[%emt 0:03:20]} 22. Qxb2 {[%emt 0:00:30]} Qg7 {[%emt 0:00:30]} 23. Qxg7+ {[%emt 0:01:10]} Kxg7 {[%emt 0:00:30]} 24. b4 Rbc8 {[%emt 0:06:40]} 25. bxc5 Rxc5 {[%emt 0:00:30]} 26. Nf3 Rc3 {[%emt 0:00:30]} 27. Nd4 Kg8 28. R4f3 Rxa3 29. g4 Ra2+ 30. Kg3 Rd2 31. Ne6 Rf6 32. Rc1 h6 33. h4 Kf7 34. Rc7 f4+ 35. Nxf4 g5 36. hxg5 hxg5 37. Ng6 Kxg6 38. Rxe7 Rxf3+ 39. Kxf3 Rxd3+ 40. Ke2 Ra3 41. Re6+ Kf7 42. Rxd6 b4 43. e5 a5 44. Rb6 Rc3 45. Rb7+ Ke8 46. Rb8+ Kd7 47. e6+ Kd6 48. Kd2 Rc7 49. Rb5 b3 50. Kd3 Ke5 51. Rxb3 Kxd5 52. Rb5+ Kxe6 53. Rxa5 Kf6 1/2-1/2

[Event "Magistral Szmetan Giardelli 2019"]
[Site "Buenos Aires"]
[Date "2019.12.08"]
[Round "8.5"]
[White "Henriquez Villagra, Cristobal"]
[Black "Hoffman, Alejandro"]
[Result "0-1"]
[WhiteElo "2593"]
[BlackElo "2441"]
[Annotator "TA"]
[PlyCount "112"]
[EventDate "2019.12.01"]
[EventType "tourn"]
[EventCountry "ARG"]
[SourceTitle "playchess.com"]
[Source "ChessBase"]
[SourceQuality "1"]

{[%evp 9,112,28,26,27,41,38,65,35,73,50,43,23,27,16,23,23,32,10,95,75,104,87,95,44,51,50,79,0,0,0,0,-12,-10,-7,-12,-27,-14,-25,0,0,10,14,17,0,0,0,0,0,49,0,0,-62,-59,-121,0,0,75,-415,-416,-535,-518,-655,-609,-1089,-53,-420,-422,-490,-381,-377,-106,-110,-109,-123,-116,-101,-102,-67,-56,-64,-64,-101,-101,-101,-114,-217,-29,-228,-225,-336,0,-210,-213,-350,-344,-325,-316,-283,-270,-541,-541,-526,-520,-464,-439]} 1. e4 d6 2. d4 Nf6 3. Nc3 e5 4. Nge2 c6 5. h3 (5. g3 g6 6. Bg2 Bg7 7. O-O O-O 8. h3 b5 9. a3 Bb7 10. f4 exd4 11. Nxd4 Re8 12. Nde2 a5 13. e5 Qb6+ 14. Qd4 c5 15. Qf2 dxe5 16. fxe5 Rxe5 17. Bf4 Re8 {0-1 (47) Vitiugov,N (2734)-Bologan,V (2672) Khanty-Mansiysk 2013}) 5... b5 6. a3 {B07: Pirc Defence: Miscellaneous Systems} Be7 7. g4 Bb7 $146 ({Predecessor:} 7... O-O 8. Bg2 a5 9. Ng3 Re8 10. O-O Ba6 11. Nce2 b4 12. Re1 c5 {1-0 (38) Zhao,J (2589)-Wang,R (2408) China 2013}) 8. Bg2 {White is slightly better.} a6 9. Be3 Nfd7 10. Qd2 Nb6 11. b3 N8d7 12. Ng3 g6 13. O-O Nf8 (13... O-O $11) 14. Rad1 Nbd7 15. d5 c5 16. a4 (16. g5 $16) 16... b4 $14 17. Nce2 a5 18. f4 (18. c4 $16) 18... exf4 $11 19. Bxf4 Ne5 $1 20. c4 bxc3 21. Nxc3 Nfd7 22. Rf2 Ba6 23. Bf1 $1 Bh4 24. Nb5 Bxb5 25. Bxb5 O-O 26. Kg2 Qe7 27. Rdf1 Rfc8 28. Qc3 Bf6 29. Qe1 {Threatens to win with Bxe5.} Bh4 30. Bd2 ({White should try} 30. Qc3 $11) 30... c4 $15 {And now ...Nd3 would win.} 31. Bxc4 ({Better is} 31. Qe3 $15) 31... Nxc4 (31... Nc5 $1 $17 32. Qe3 Bxg3 33. Kxg3 Nxc4 34. bxc4 Nxe4+ {[%mdl 64] Double Attack, Discovered Attack} 35. Kg2 Rxc4 36. Rxf7 Qxf7 37. Rxf7 Kxf7) 32. Rxf7 $11 Qe5 (32... Qe8 $11 33. bxc4 Rxc4) 33. Bf4 $2 {[%mdl 8192]} (33. bxc4 $16 Bxg3 34. Qe3 (34. Qxg3 Qxe4+ 35. Kh2 Ne5 $16)) 33... Qe8 $1 $19 {[%cal Re8f7]} 34. Bh6 {Rg7+ is the strong threat.} Nce5 35. Rg7+ Kh8 36. Qa1 Bxg3 $2 (36... Rc2+ $19 37. Kg1 Bxg3) 37. Kxg3 $4 {[%mdl 8192]} (37. Rff7 $1 $15 Nf8 38. Re7 Rc2+ 39. Kxg3) 37... Rab8 38. Rf3 Rb7 39. Qb2 Nc5 $2 (39... Rbc7 $19 {and Black stays clearly on top. Hoping for ...Rc2.} 40. Qd4 Rb7) 40. Rxb7 $17 Nxb7 41. Rf8+ Qxf8 42. Bxf8 Rxf8 43. b4 axb4 44. Qxb4 Nc5 45. a5 Rf3+ 46. Kg2 {Threatening a6!} Rb3 $1 {[%cal Rb3b4]} 47. Qe1 {[#]} (47. Qd4 $17) 47... g5 $2 (47... Rb2+ $1 $19 48. Kf1 Kg7) 48. a6 $2 (48. Qc1 $1 $11) 48... Rb2+ $19 ({But not} 48... Nxa6 $2 49. Qf1 $18) 49. Kg3 (49. Kh1 $142 Ra2 50. h4) 49... Rb3+ ({Stronger than} 49... Nxa6 50. Qf1 $11) 50. Kg2 {aiming for Qa1.} Ra3 ({Wrong is} 50... Nxa6 $2 51. Qf1 $18) 51. Qb1 (51. h4 $142 Rxa6 52. Qf2) 51... Rxa6 52. Qb8+ Kg7 53. Qc7+ {[#]} Ncd7 $1 54. Qd8 $2 (54. Kf2) 54... Nf6 {Black is clearly winning.} 55. Qc7+ Nf7 56. Qc4 Ra8 {Accuracy: White = 33%, Black = 48%.} 0-1

[Event "Magistral Szmetan Giardelli 2019"]
[Site "Buenos Aires"]
[Date "2019.12.08"]
[Round "8.6"]
[White "Pichot, Alan"]
[Black "Delgado Ramirez, Neuris"]
[Result "1/2-1/2"]
[WhiteElo "2588"]
[BlackElo "2619"]
[Annotator "TA"]
[PlyCount "38"]
[EventDate "2019.12.01"]
[EventType "tourn"]
[EventCountry "ARG"]
[SourceTitle "playchess.com"]
[Source "ChessBase"]
[SourceQuality "1"]

{[%evp 24,38,35,30,16,17,27,-26,-26,-26,-17,-35,-25,-67,-68,-25,-19]} 1. e4 c5 2. Nf3 d6 3. d4 cxd4 4. Nxd4 Nf6 5. Nc3 a6 6. f3 e5 7. Nb3 Be6 8. Be3 Be7 9. Qd2 O-O 10. O-O-O Nbd7 11. g4 b5 12. g5 Nh5 13. Nd5 Bxd5 $1 {B90: Sicilian Najdorf: Unusual White 6th moves, 6 Be3 Ng4 and 6 Be3 e5} 14. exd5 f6 {[%cal Rf6g5]} 15. Na5 (15. g6 $142) (15. gxf6 Rxf6 16. Na5 Nf4 17. Nc6 Qf8 18. Kb1 Bd8 19. c4 Bb6 20. cxb5 axb5 21. Bxb5 {1-0 (47) Dominguez Perez,L (2750)-Paravyan,D (2610) Sochi 2019}) 15... fxg5 $11 16. Nc6 Qe8 17. Kb1 $146 ({Predecessor:} 17. Bxg5 Bxg5 18. Qxg5 Ndf6 19. Bd3 Nf4 20. Be4 Rf7 21. Rhe1 {0-1 (61) Weaving,R (2314)-Alsina Leal,D (2507) England 2018}) 17... Nf4 ({Much worse is} 17... Rxf3 $6 18. Be2 $14) 18. c4 bxc4 $1 19. Bxc4 Bf6 1/2-1/2

[Event "Magistral Szmetan Giardelli 2019"]
[Site "Buenos Aires"]
[Date "2019.12.09"]
[Round "9.1"]
[White "Delgado Ramirez, Neuris"]
[Black "Slipak, Sergio"]
[Result "1-0"]
[WhiteElo "2619"]
[BlackElo "2384"]
[Annotator "TA"]
[PlyCount "57"]
[EventDate "2019.12.01"]
[EventType "tourn"]
[EventCountry "ARG"]
[SourceTitle "playchess.com"]
[Source "ChessBase"]
[SourceQuality "1"]

{[%evp 11,57,6,9,-5,0,0,-4,0,9,0,27,5,35,26,33,10,27,20,46,46,43,51,61,82,66,69,66,35,77,0,93,101,362,351,348,342,336,336,339,320,336,336,335,327,300,340,314,314]} 1. e4 e5 2. Nf3 Nc6 3. Bb5 a6 4. Ba4 Nf6 5. Qe2 Be7 6. Bxc6 dxc6 7. Nc3 {C77: Ruy Lopez: 3...a6 4 Ba4 Nf6, unusual lines} Nd7 8. d3 O-O 9. Be3 {The position is equal.} c5 $146 ({Predecessor:} 9... Re8 10. O-O-O Bd6 11. g4 Nf8 12. Rdg1 Ne6 13. h4 c5 14. g5 Nd4 {0-1 (31) Movileanu,D (2166)-Vocaturo,D (2615) Chania 2019}) 10. Nd2 Bd6 11. g3 Nb8 12. f4 Nc6 13. Qf2 Nd4 14. O-O-O f6 15. f5 b5 16. g4 b4 17. Ne2 a5 18. Kb1 a4 19. Rhg1 Ba6 20. Nc1 (20. g5 $16) 20... Qe7 (20... Nb5 $1 $11) 21. g5 Kh8 $2 {[%mdl 8192]} (21... Qd7 $16 {was necessary.}) 22. g6 $1 $18 {Hoping for Qh4!} Kg8 {intending ...h6.} 23. Qh4 {[%csl Gg6][%cal Rh4h7] White has a decisive advantage.} h6 {[#]} 24. Bxh6 $1 {[%mdl 512]} gxh6 {[#]} 25. g7 $1 {[%cal Rg7f8]} Rf7 {[#]} 26. Rg6 $1 {[%cal Rg6h6]} Rxg7 27. Rdg1 Rxg6 28. Rxg6+ Kf7 {And now ...Rg8 would win.} 29. Qxh6 {Accuracy: White = 61%, Black = 42%.} 1-0

[Event "Magistral Szmetan Giardelli 2019"]
[Site "Buenos Aires"]
[Date "2019.12.09"]
[Round "9.2"]
[White "Hoffman, Alejandro"]
[Black "Pichot, Alan"]
[Result "1/2-1/2"]
[WhiteElo "2441"]
[BlackElo "2588"]
[Annotator "TA"]
[PlyCount "84"]
[EventDate "2019.12.01"]
[EventType "tourn"]
[EventCountry "ARG"]
[SourceTitle "playchess.com"]
[Source "ChessBase"]
[SourceQuality "1"]

{[%evp 15,84,-6,0,0,0,0,-13,0,-1,-20,0,-8,-7,-12,-18,-25,-25,-24,-24,-25,0,0,-7,-20,-21,-13,0,0,-3,-4,0,0,0,0,0,0,0,0,0,0,0,0,0,-247,-239,-491,-485,-462,-445,-723,-702,-691,-679,-553,0,0,0,0,0,0,0,0,0,0,0,0,0,0,0,0,0]} 1. d4 Nf6 2. c4 e6 3. Nf3 d5 4. cxd5 exd5 5. Nc3 c6 6. Bg5 h6 7. Bh4 Bf5 8. e3 Nbd7 9. Bd3 {D35: Queen's Gambit Declined: Exchange Variation} Bxd3 10. Qxd3 Bd6 11. O-O O-O 12. a3 (12. Rab1 a5 13. Qc2 Re8 14. Rfe1 Qc8 15. Bg3 Bxg3 16. hxg3 Ne4 17. Nxe4 dxe4 18. Nd2 Nf6 19. b4 axb4 20. Rxb4 {½-½ (32) Arkell,K (2505)-Adams,M (2742) Douglas 2015}) 12... a5 13. Qc2 Qe7 14. Rab1 Qe6 15. Bxf6 $146 ({Predecessor:} 15. b4 axb4 16. axb4 b5 17. Bxf6 Nxf6 18. Ne2 Rfc8 19. Nc1 Nd7 20. Nd3 {0-1 (54) Arkell,K (2461)-Korneev,O (2523) Cardiff 2019}) 15... Nxf6 16. Rfe1 Rfe8 17. Nd2 Nd7 18. g3 f5 19. f4 b5 20. Nf3 b4 21. axb4 axb4 22. Na4 Qe4 23. Qxc6 {[%mdl 64] Double Attack} Nf6 24. Nd2 Qd3 25. Nf1 Ra6 $36 {[%mdl 2048] Black fights for an advantage.} 26. Nb6 {aiming for Rbd1.} Rb8 27. Qxd6 Rbxb6 28. Qd8+ Kh7 29. Red1 $2 (29. Qe7 $11 {and White has nothing to worry.}) 29... Qe4 $1 $19 {Threatens to win with ...Rc6.} 30. Rbc1 $2 {[#]} (30. Qc7 Ng4 31. Rdc1) 30... Rc6 $1 {[%cal Rc6c1] ...Rxc1 is the strong threat.} 31. Qf8 b3 {White must now prevent ...Ng4.} 32. Rxc6 (32. Qb4 $142 Rc2 33. Rxc2 Qxc2 34. Qe1) 32... Rxc6 33. Qb4 Rc2 {[%csl Gc2][%cal Re4g2]} 34. Rd2 {[#]} Rc1 $2 ({Black should try} 34... Qf3 $1 $19 {( -> ...Ne4)} 35. Qxb3 Rxd2 36. Nxd2 Qe2) 35. Qxb3 $11 {The position is equal.} Ng4 36. Rd1 $1 {[%cal Rd1c1]} Rc2 {[%csl Gc2][%cal Re4g2]} 37. Nd2 Qxe3+ 38. Qxe3 Nxe3 39. Re1 Ng4 40. Nf3 Rxb2 41. Re7 Rb1+ 42. Kg2 Rb2+ {Accuracy: White = 53%, Black = 71%.} 1/2-1/2

[Event "Magistral Szmetan Giardelli 2019"]
[Site "Buenos Aires"]
[Date "2019.12.09"]
[Round "9.3"]
[White "Felgaer, Ruben"]
[Black "Henriquez Villagra, Cristobal"]
[Result "1/2-1/2"]
[WhiteElo "2560"]
[BlackElo "2593"]
[Annotator "TA"]
[PlyCount "122"]
[EventDate "2019.12.01"]
[EventType "tourn"]
[EventCountry "ARG"]
[SourceTitle "playchess.com"]
[Source "ChessBase"]
[SourceQuality "1"]

{[%evp 16,122,25,23,16,16,12,19,16,0,22,0,0,8,11,10,12,12,15,0,0,-19,-12,-19,-22,-96,-96,-164,-62,-62,-57,-62,-58,-55,-14,-31,-22,-23,-22,-33,0,-42,-42,-34,-31,-27,-30,-76,-63,-84,-12,-14,0,-79,-23,-66,-19,-69,-19,-41,-39,-13,-8,-8,-8,-8,-4,-7,-8,-8,-8,-8,-8,-8,-8,-8,-8,-8,-8,-8,0,0,0,-8,0,-8,0,-8,0,0,0,0,0,0,0,0,0,-40,0,0,0,0,0,0,0,0,0,0,0]} 1. e4 e5 2. Nf3 Nc6 3. Bb5 g6 4. d4 exd4 5. Bg5 Be7 6. Bxe7 Qxe7 7. Bxc6 dxc6 8. Qxd4 Nf6 9. Nc3 Bg4 {C60: Ruy Lopez: Unusual Black 3rd moves and 3...g6} 10. O-O-O (10. Nd2 c5 11. Qe3 O-O-O 12. f3 Be6 13. O-O-O b6 14. g4 Nd7 15. h3 Ne5 16. f4 Nc6 17. Nf3 {0-1 (34) Guseinov,G (2645)-Carlsen,M (2832) chess.com INT 2017}) 10... Bxf3 $1 11. gxf3 O-O 12. f4 Nh5 13. f5 Rfd8 14. Qe3 Qe5 $146 ({Predecessor:} 14... Rxd1+ 15. Rxd1 Qe5 16. fxg6 hxg6 17. h4 {1-0 (42) Michalczak,T (2246)-Zemlickova,O (2071) Prague 2017}) 15. Rxd8+ Rxd8 16. Qxa7 b6 17. fxg6 hxg6 18. a4 Nf6 $36 {[%mdl 2048] White is under pressure.} 19. Rd1 Rxd1+ 20. Nxd1 {[#]} (20. Kxd1 $11 Qd4+ 21. Kc1) 20... Kg7 $1 $17 ({Much worse is} 20... Nxe4 $6 21. Qa8+ Kg7 22. Qxc6 $11) 21. a5 (21. Qb7 $17) 21... bxa5 ({Better is} 21... Nxe4 $19 22. axb6 Qf4+ 23. Kb1 Nd2+ 24. Ka1 Qf3) 22. f3 $15 Qxh2 23. Qe3 Qe5 24. Nf2 Kg8 25. Nd3 Qg3 26. Kd2 Nd7 27. b3 Nf8 28. Nc5 Qd6+ 29. Kc1 Qe5 30. Kb1 g5 31. Qg1 {[#]} Qf6 $1 32. Nd3 Ng6 (32... Ne6 $17 33. Qg2 c5) 33. Qg3 $11 Kg7 34. Ka2 (34. e5 $1 $11 {keeps the balance.} Qd8 35. Qg1) 34... c5 (34... Nf4 $17) 35. Kb1 c6 (35... c4 $5 36. bxc4 a4 $11) 36. Qg4 c4 37. bxc4 a4 38. Qg3 a3 39. e5 Qd8 40. Ka2 Qd4 41. Qxg5 Qxc4+ 42. Kxa3 Qc3+ 43. Ka2 Qxc2+ 44. Nb2 Qc3 45. Qf6+ Kg8 46. Qd8+ Kh7 47. f4 Qh3 48. Qf6 Qd7 49. Kb1 Qd5 50. Qf5 Kg7 51. Nd3 c5 52. Kc2 c4 53. Nb2 Qd4 54. Qf6+ Kg8 55. Qg5 Kf8 56. Qg4 Qf2+ 57. Kc3 {The position is equal.} Nxf4 {White must now prevent ...Nd5+.} 58. Qc8+ Kg7 59. Qg4+ Kh6 {And now ...Nd5+ would win.} 60. Nxc4 Qe1+ 61. Kb3 Ng6 {Accuracy: White = 48%, Black = 40%.} 1/2-1/2